00381 a2200109 4500001001000000005001700010008004100027245008900068100002200157773007500179999001700254ART_4480720260410162024.0260409a 10aLa inclusión del enfoque étnico en los censos de población de América Latina1 aSchkolnik, Susana0 tNotas de poblacióng- Año XXXVI, Nº 89 (jul./dic. 2009)wREV41841 c33366d33366